000 02623cam a2200289zu 4500
001 88826256
003 FRCYB88826256
005 20251020124418.0
006 m o d
007 cr un
008 251020s2015 fr | o|||||0|0|||fre d
020 _a9782894644805
035 _aFRCYB88826256
040 _aFR-PaCSA
_bfr
_c
_erda
100 1 _aSavoie, Annie
245 0 1 _aFabuleux Alaska et Yukon
_c['Savoie, Annie', 'Chagnon, Isabelle ']
264 1 _bUlysse (Guides de voyage)
_c2015
300 _a p.
336 _btxt
_2rdacontent
337 _bc
_2rdamdedia
338 _bc
_2rdacarrier
650 0 _a
700 0 _aSavoie, Annie
700 0 _aChagnon, Isabelle
856 4 0 _2Cyberlibris
_uhttps://international.scholarvox.com/netsen/book/88826256
_qtext/html
_a
520 _aLe guide Ulysse Fabuleux Alaska et Yukon, un magnifique livre en couleurs, offre un panorama complet de l’Alaska, l’État le plus nordique des États-Unis, et du Yukon, ce territoire situé dans le nord-ouest du Canada. Tous les principaux attraits mythiques de ces deux contrées y sont présentés et révélés par de splendides photographies, dans une mise en page des plus soignées. Toutes les villes et régions importantes y sont décrites. Entre autres en Alaska, les villes de Juneau, Haines, Skagway, Fairbanks, Seward, Valdez et Anchorage; les régions du Prince William Sound, la Kenai Peninsula et le Sud-Est, destination privilégiée des croisiéristes; le fameux Glacier Bay National Park et le Columbia Glacier; sans oublier l’Alaska Highway et la Chilkoot Trail, ces routes historiques d’une importance capitale pour le développement de la région. Au Yukon, le livre permet notamment de faire la découverte de Whitehorse et de Dawson City, du Kluane National Park et du Tombstone Park, ainsi que du Klondike Highway et du Dempster Highway. Le guide Fabuleux Alaska et Yukon propose en outre un solide portrait historique et culturel, illustré de documents d’archives, qui permet de mieux saisir l’évolution de cette région du globe, du règne des nations autochtones à aujourd’hui, en passant bien sûr par la frénésie de la Ruée vers l’or. Les montagnes, les glaciers, les hivers noirs illuminés par les aurores boréales, la faune et la flore sous le soleil estival de minuit, tous ces thèmes y sont aussi abordés. Des cartes géographiques au graphisme étudié parsèment cet ouvrage tout simplement fabuleux. Un guide pour rêver, pour se souvenir ou pour planifier son itinéraire à travers les splendides paysages de l’Alaska et du Yukon.
999 _c1557170
_d1557170